Edmund Burke's Reflections on the revolution in France : new interdisciplinary essays /

Bibliographic Details
Other Authors: Whale, John C.
Format: Book
Language:English
Published: Manchester ; New York : Manchester University Press ; 2000.
Series:Texts in culture.
Subjects:

MARC

Tag First Indicator Second Indicator Subfields
LEADER 00000cam a2200000 a 4500
001 in00001555708
005 20151022070807.0
008 000420s2000 enk b 001 0 eng c
015 |a GBA0-X9358 
019 |a 44058561 
020 |a 0719057876 (pbk.) 
020 |a 0719057868 
035 |a (OCoLC)ocm43891755 
040 |a EUN  |c EUN  |d UMC  |d UKM  |d TXA  |d UtOrBLW 
042 |a pcc 
043 |a e-fr--- 
049 |a TXAM 
050 4 |a DC150.B9  |b E36 2000 
082 0 4 |a 944.04  |2 21 
245 0 0 |a Edmund Burke's Reflections on the revolution in France :  |b new interdisciplinary essays /  |c John Whale, editor. 
246 3 0 |a Reflections on the revolution in France 
246 3 0 |a Revolution in France 
264 1 |a Manchester ;  |a New York :  |b Manchester University Press ;  |c 2000. 
264 2 |a New York :  |b Distributed exclusively in the USA by St. Martin's Press, 
300 |a xii, 228 pages ;  |c 22 cm. 
336 |a text  |b txt  |2 rdacontent 
337 |a unmediated  |b n  |2 rdamedia 
338 |a volume  |b nc  |2 rdacarrier 
490 1 |a Texts in culture 
504 |a Includes bibliographical references (pages [221]-223) and index. 
600 1 0 |a Burke, Edmund,  |d 1729-1797.  |t Reflections on the revolution in France. 
651 0 |a France  |x History  |y Revolution, 1789-1799  |x Causes. 
600 1 4 |a Burke, Edmund,  |d 1729-1797.  |t Reflections on the revolution in France. 
651 4 |a France  |x Politics and government  |y 1789-1799. 
651 4 |a France  |x History  |y Revolution, 1789-1799  |x Causes. 
700 1 |a Whale, John C. 
830 0 |a Texts in culture. 
994 |a E0  |b TXA 
948 |a cataloged  |b h  |c 2000/9/6  |d c  |e creed  |f 1:53:59 pm 
999 |a MARS 
999 f f |s f4eaf98f-0ced-3f4b-93b8-2cfdf639fc26  |i 01a0cd0b-819e-3ba5-9f18-9828c05bca2b  |t 0 
952 f f |p ric  |a Texas A&M University  |b Rellis Campus  |c Joint Library Facility  |d Remote Storage  |t 0  |e DC150.B9 E36 2000  |h Library of Congress classification  |i unmediated -- volume  |m A14826598222 
998 f f |a DC150.B9 E36 2000  |t 0  |l Remote Storage